000 00315nam a2200133Ia 4500
005 20251222144841.0
008 251222s9999||||xx |||||||||||||| ||spa||
020 _a84-237-0570-6
082 _a155.3/R78
100 _aRojas Montes, Enrique
245 0 _aSexualidad y Afectividad
264 _bDossat
942 _cLIB
999 _c21244
_d21244